Statistics for Premier League Players by Number - 12

Click here to take the quiz!

General Stats

  • This quiz has been taken 15 times
  • The average score is 3 of 8

Answer Stats

PositionClubNationPlayer% Correct
DFLiverpoolEnglandJoe Gomez
100%
DFEvertonFranceLucas Digne
67%
GKLeicester CityWalesDanny Ward
44%
MFChelseaEnglandRuben Loftus-Cheek
44%
MFBrighton & Hove AlbionZambiaEnock Mwepu
22%
DFNewcastle UnitedNorthern IrelandJamal Lewis
11%
GKAston VillaEnglandJed Steer
11%
MFWatfordSwedenKen Sema
11%

Score Distribution

Percentile by Number Answered

Percent of People with Each Score

Your Score History

You have not taken this quiz